01448nam a2200253Ia 4500003000400000005001700004008004100021020001800062040000900080082002100089100003000110245010500140260004700245300000900292650001200301942004800313952013600361952013600497952013600633952013600769952013600905952013601041999001701177OSt20200911123708.0190216s9999||||xx |||||||||||||| ||und|| a9788120307520 coclc a621.38154bHEL/M aHelfrick, Albert D94548 0aModern Electronic Instrumentation And Measurement Techniques /cAlbert D Helfrick ; William D Cooper bPrentice Hall Of India,c2000.aNew Delhi: a446p aPhysics cBK2ddch621.38154iHEL/Mk621.38154mHEL/M 00102ddc40708APHYaMESbMEScPHYd2019-02-20g175.00l0o621.38154 HEL/Mp25644r2019-02-20 00:00:00t1w2019-02-20yBKzGL16R2 00102ddc40708APHYaMESbMEScPHYd2019-02-20g175.00l0o621.38154 HEL/Mp25890r2019-02-20 00:00:00t2w2019-02-20yBKzGL16R2 00102ddc40708APHYaMESbMEScPHYd2019-02-20g175.00l0o621.38154 HEL/Mp25891r2019-02-20 00:00:00t3w2019-02-20yBKzGL16R2 00102ddc40708APHYaMESbMEScPHYd2019-02-20g195.00l0o621.38154 HEL/Mp27942r2019-02-20 00:00:00t4w2019-02-20yBKzGL16R2 00102ddc40708APHYaMESbMEScPHYd2019-02-20g225.00l0o621.38154 HEL/Mp35177r2019-02-20 00:00:00t5w2019-02-20yBKzGL16R2 00102ddc40708APHYaMESbMEScPHYd2019-02-20g225.00l0o621.38154 HEL/Mp35178r2019-02-20 00:00:00t6w2019-02-20yBKzGL16R2 c33482d33482